Profit ekonomický týždenník

Guardado en:
Detalles Bibliográficos
Formato: Seriadas
Lenguaje:eslovaco
Publicado: Bratislava Horizont Slovakia 2001
Materias:
Etiquetas: Agregar Etiqueta
Sin Etiquetas, Sea el primero en etiquetar este registro!

MARC

LEADER 00000nas2a2200000 4500
001 0005939
005 20160720111940.7
022 |a 1335-4620 
041 0 |a slo 
044 |a SK 
245 1 0 |a Profit  |b ekonomický týždenník 
264 1 |a Bratislava  |b Horizont Slovakia  |c 2001 
300 |a 3 zv.  |e 1 príl. 
773 0 |w eu_un_cat*s121032 
610 2 0 |a podnikanie